<?xml version="1.0" encoding="UTF-8"?>
<record
    xmlns:xsi="http://www.w3.org/2001/XMLSchema-instance"
    xsi:schemaLocation="http://www.loc.gov/MARC21/slim http://www.loc.gov/standards/marcxml/schema/MARC21slim.xsd"
    xmlns="http://www.loc.gov/MARC21/slim">

  <leader>01213nam a22002657a 4500</leader>
  <controlfield tag="003">SEM</controlfield>
  <controlfield tag="005">20250723161256.0</controlfield>
  <controlfield tag="008">240325s2010    ru ||||gr||||||01|||rus|d</controlfield>
  <datafield tag="020" ind1=" " ind2=" ">
    <subfield code="a">978-5-17-059522-8 (&#x418;&#x437;&#x434;.&#xAB;&#x410;&#x421;&#x422;&#xBB;)</subfield>
  </datafield>
  <datafield tag="020" ind1=" " ind2=" ">
    <subfield code="a">978-5-271-23942-7 (&#x418;&#x437;&#x434;. &#xAB;&#x410;&#x441;&#x442;&#x440;&#x435;&#x43B;&#x44C;&#xBB;)</subfield>
  </datafield>
  <datafield tag="040" ind1=" " ind2=" ">
    <subfield code="a">SEM</subfield>
    <subfield code="c">SEM</subfield>
  </datafield>
  <datafield tag="041" ind1=" " ind2=" ">
    <subfield code="a">rus</subfield>
  </datafield>
  <datafield tag="082" ind1=" " ind2=" ">
    <subfield code="a">230/&#x41D;-84</subfield>
  </datafield>
  <datafield tag="100" ind1=" " ind2=" ">
    <subfield code="a">&#x41D;&#x43E;&#x441;&#x43E;&#x432;&#x441;&#x43A;&#x438;&#x439; , &#x413;&#x43B;&#x435;&#x431; &#x412;&#x43B;&#x430;&#x434;&#x438;&#x43C;&#x438;&#x440;&#x43E;&#x432;&#x438;&#x447; ; &#x424;&#x43E;&#x43C;&#x435;&#x43D;&#x43A;&#x43E; &#x410;&#x43D;&#x430;&#x442;&#x43E;&#x43B;&#x438;&#x439; &#x422;&#x438;&#x43C;&#x43E;&#x444;&#x435;&#x435;&#x432;&#x438;&#x447;</subfield>
    <subfield code="d">(1958-) ; (1945-)</subfield>
  </datafield>
  <datafield tag="245" ind1=" " ind2=" ">
    <subfield code="a">&#x425;&#x440;&#x438;&#x441;&#x442;&#x43E;&#x441; &#x440;&#x43E;&#x434;&#x438;&#x43B;&#x441;&#x44F; &#x432; &#x41A;&#x440;&#x44B;&#x43C;&#x443;. &#x422;&#x430;&#x43C; &#x436;&#x435; &#x443;&#x43C;&#x435;&#x440;&#x43B;&#x430; &#x411;&#x43E;&#x433;&#x43E;&#x440;&#x43E;&#x434;&#x438;&#x446;&#x430; /</subfield>
    <subfield code="c">&#x413;. &#x412;. &#x41D;&#x43E;&#x441;&#x43E;&#x432;&#x441;&#x43A;&#x438;&#x439; ; &#x410;. &#x422;. &#x424;&#x43E;&#x43C;&#x435;&#x43D;&#x43A;&#x43E; ; &#x417;&#x430;&#x432;. &#x440;&#x435;&#x434;.: &#x418;. &#x41D;. &#x410;&#x440;&#x445;&#x430;&#x440;&#x43E;&#x432;&#x430; ; &#x420;&#x435;&#x434;.: &#x410;. &#x41B;. &#x413;&#x435;&#x440;&#x430;&#x441;&#x438;&#x43C;&#x43E;&#x432;&#x430;</subfield>
  </datafield>
  <datafield tag="250" ind1=" " ind2=" ">
    <subfield code="a">&#x41D;&#x430;&#x443;&#x447;&#x43D;&#x43E;-&#x43F;&#x43E;&#x43F;&#x443;&#x43B;&#x44F;&#x440;&#x43D;&#x43E;&#x435; &#x438;&#x437;&#x434;&#x430;&#x43D;&#x438;&#x435;</subfield>
  </datafield>
  <datafield tag="260" ind1=" " ind2=" ">
    <subfield code="a">&#x41C;&#x43E;&#x441;&#x43A;&#x432;&#x430; :</subfield>
    <subfield code="b">&#xAB;&#x410;&#x421;&#x422;&#xBB;,</subfield>
    <subfield code="b">&#xAB;&#x410;&#x441;&#x442;&#x440;&#x435;&#x43B;&#x44C;&#xBB;,</subfield>
    <subfield code="c">2010.</subfield>
  </datafield>
  <datafield tag="300" ind1=" " ind2=" ">
    <subfield code="a">590 &#x441;. ;</subfield>
    <subfield code="b">&#x440;&#x438;&#x441;. ;</subfield>
    <subfield code="c">24 &#x441;&#x43C;</subfield>
  </datafield>
  <datafield tag="504" ind1=" " ind2=" ">
    <subfield code="a">&#x41B;&#x438;&#x442;.: &#x441;. 573-584</subfield>
  </datafield>
  <datafield tag="650" ind1=" " ind2=" ">
    <subfield code="a">&#x425;&#x440;&#x438;&#x441;&#x442;&#x438;&#x430;&#x43D;&#x441;&#x442;&#x432;&#x43E;</subfield>
    <subfield code="x">&#x436;&#x438;&#x437;&#x43D;&#x435;&#x43E;&#x43F;&#x438;&#x441;&#x430;&#x43D;&#x438;&#x435; &#x425;&#x440;&#x438;&#x441;&#x442;&#x430;</subfield>
  </datafield>
  <datafield tag="653" ind1=" " ind2=" ">
    <subfield code="a">&#x54D;&#x537;&#x544;</subfield>
  </datafield>
  <datafield tag="700" ind1=" " ind2=" ">
    <subfield code="a">&#x410;&#x440;&#x445;&#x430;&#x440;&#x43E;&#x432;&#x430;, &#x418;. &#x41D;.</subfield>
    <subfield code="e">&#x437;&#x430;&#x432;. &#x440;&#x435;&#x434;.</subfield>
    <subfield code="4">chief edt.</subfield>
  </datafield>
  <datafield tag="700" ind1=" " ind2=" ">
    <subfield code="a">&#x413;&#x435;&#x440;&#x430;&#x441;&#x438;&#x43C;&#x43E;&#x432;&#x430;, &#x410;. &#x41B;.</subfield>
    <subfield code="e">&#x440;&#x435;&#x434;.</subfield>
    <subfield code="4">edt.</subfield>
  </datafield>
  <datafield tag="942" ind1=" " ind2=" ">
    <subfield code="2">ddc</subfield>
    <subfield code="c">BK</subfield>
  </datafield>
  <datafield tag="999" ind1=" " ind2=" ">
    <subfield code="c">59650</subfield>
    <subfield code="d">59650</subfield>
  </datafield>
  <datafield tag="952" ind1=" " ind2=" ">
    <subfield code="0">0</subfield>
    <subfield code="1">0</subfield>
    <subfield code="2">ddc</subfield>
    <subfield code="4">0</subfield>
    <subfield code="7">0</subfield>
    <subfield code="8">&#x533;&#x580;&#x561;&#x57A;&#x561;&#x570;&#x578;&#x581;</subfield>
    <subfield code="a">SEM</subfield>
    <subfield code="b">SEM</subfield>
    <subfield code="d">2024-03-25</subfield>
    <subfield code="g">13230.00</subfield>
    <subfield code="i">&#x420;&#x443;&#x441;-4005</subfield>
    <subfield code="l">0</subfield>
    <subfield code="o">230/&#x41D;-84</subfield>
    <subfield code="p">&#x420;&#x443;&#x441;-4005</subfield>
    <subfield code="r">2024-03-25</subfield>
    <subfield code="w">2024-03-25</subfield>
    <subfield code="y">BK</subfield>
    <subfield code="z">&#x54D;&#x57A;&#x561;&#x57D;&#x561;&#x580;&#x56F;&#x57E;&#x578;&#x582;&#x574; &#x567; &#x568;&#x576;&#x569;&#x565;&#x580;&#x581;&#x561;&#x57D;&#x580;&#x561;&#x570;</subfield>
  </datafield>
</record>
